02120cam a2200433 a 4500999001700000001000900017003000400026005001700030008004100047010001700088020005000105020004700155020005100202020004700253020005200300020004900352020006200401020005900463020006200522020005900584020006300643020006000706040001800766050002200784082001200806245007600818260004100894300004200935500002000977650001600997650002701013700002301040856008301063906004501146942001801191952015901209952015901368952015901527 c28677d2867715438979OSt20210306120445.0080904s2009 maua 001 0 eng  a 2008038810 a9780073526843 (combined edition : alk. paper) a0073526843 (combined edition : alk. paper) a9780073273952 (volume 1, ch. 112 : alk. paper) a0073273953 (volume 1, ch 112 : alk. paper) a9780073273969 (volume 2, ch. 1225 : alk. paper) a0073273961 (volume 2, ch. 1225 : alk. paper) a9780073273976 (volume 1 with working papers : alk. paper) a007327397X (volume 1 with working papers : alk. paper) a9780073273983 (volume 2 with working papers : alk. paper) a0073273988 (volume 2 with working papers : alk. paper) a9780073274089 (financial accounting, ch. 117 : alk. paper) a0073274089 (financial accounting, ch. 117 : alk. paper) aDLCcDLCdDLC00aHF5636b.P75 200900a65722200aFundamentals of financial accounting /cPatricia A. Libby ... [et al.]. aBoston :bMcGraw-Hill Irwin,cc2009. axxxiv, 1055 p. :bcol. ill. ;c29 cm. aIncludes index. 0aAccounting. 0aAccountingvTextbooks.1 aLibby, Patricia A.413Table of contents onlyuhttp://www.loc.gov/catdir/toc/ecip0827/2008038810.html a7bCBCcorignewd1eecipf20gy-gencatlg 2lcccBOOKS04 00102lcc4070aMUCbMUCcGENd2017-03-15eChairman - Machakos University Councill3oHF 5636 .P75 2009p36709r2024-10-03s2024-09-20w2017-03-15yBOOKS 00102lcc4070aMUCbMUCcGENd2017-03-15eChairman - Machakos University Councill4oHF 5636 .P75 2009p36708r2023-12-04s2023-11-20w2017-03-15yBOOKS 00102lcc4070aMUCbMUCcGENd2017-03-15eChairman - Machakos University Councill6oHF 5636 .P75 2009p36707r2021-03-20s2021-03-06w2017-03-15yBOOKS